|
|
|
|
| LEADER |
00000nam a22000007a 4500 |
| 005 |
20220114203622.0 |
| 007 |
cr|||| |||| |
| 008 |
220114s2020 eu |||||s||||i00||0 eng d |
| 020 |
|
|
|a 978-92-76-12994-3
|
| 035 |
|
|
|a 34192
|
| 040 |
|
|
|a vLex
|
| 090 |
|
|
|c 12822
|d 12822
|
| 100 |
1 |
|
|a McNally, Sandra
|
| 245 |
1 |
0 |
|a Gender differences in tertiary education
|h [Recurso electrn̤ico] :
|b What explains STEM participation? /
|c Sandra McNally
|
| 256 |
|
|
|a Servicio en ln̕ea
|
| 260 |
|
|
|a Bruselas:
|b European Union Publications Office,
|c 2020
|
| 300 |
|
|
|a 1 recurso electrn̤ico
|
| 500 |
|
|
|a The share of women achieving tertiary education has increased rapidly over time and now exceeds that of men. Yet they are severely under-represented in maths-intensive science fields (generally known as science, technology, engineering and maths or STEM). Because of the economic importance attached to these fields, it is important to encourage more women to enter and remain in relevant subject areas throughout their education. This would also reduce occupational segregation and the gender wage gap, as maths-intensive fields are well-paid on average. This report presents some common themes with policy relevance that emerge from the literature.
|
| 506 |
1 |
|
|a Disponible solo en los productos indicados
|d vLex Global
|d vLex Global (Academic Edition, excluding Law Schools)
|d vLex Global (U.S. Academic Edition, Law Schools)
|d vLex Global (U.S. Academic Edition, excluding Law Schools)
|d vLex Global (Academic Edition, Law Schools)
|
| 650 |
0 |
4 |
|a Derecho Comunitario
|z Unin̤ Europea
|
| 740 |
0 |
|
|a vLex Libros (Servicio en ln̕ea)
|
| 856 |
4 |
0 |
|u https://app.vlex.com/#/sources/34192
|z Acceso restringido
|
| 942 |
|
|
|c BOOK
|
| 999 |
0 |
|
|a Community Law
|